Spell the Marvel Hero #114 - Statistics

General Stats
  • This quiz has been taken 16 times
  • The average score is 8 of 10
Answer Stats
Picture Answer % Correct
Invisible Woman
100%
Nova
100%
Red Hulk
100%
Echo
92%
Rogue
83%
Energizer
75%
Excalibur
58%
El Muerto
50%
Ghost Light
50%
Zero-G
50%
No matching quizzes found
Score Distribution
Percent of People with Each Score
Percentile by Number Answered
Your Score History
You have not taken this quiz